Normal view
MARC view
Entry Topical Term
001 - CONTROL NUMBER
- control field: 97164
003 - CONTROL NUMBER IDENTIFIER
- control field: OSt
005 - DATE AND TIME OF LATEST TRANSACTION
- control field: 20230503143856.0
008 - FIXED-LENGTH DATA ELEMENTS
- fixed length control field: 230503|| aca||aabn | a|a d
040 ## - CATALOGING SOURCE
- Original cataloging agency: OSt
- Transcribing agency: OSt
150 ## - HEADING--TOPICAL TERM
- Topical term or geographic name entry element: Personnel Management
670 ## - SOURCE DATA FOUND
- Source citation: Work cat.: (OSt)171001: ENTREKIN (Lanny); SCOTT-LADD (Brenda D) 97163, Human resource management and change: a practising managers guide, 2018